| 000 | 01259nam a2200241Ia 4500 | ||
|---|---|---|---|
| 003 | Ost | ||
| 005 | 20260507075054.0 | ||
| 008 | 260507s9999||||xx |||||||||||||| ||und|| | ||
| 020 | _a9957414001 | ||
| 040 | _cfsecg | ||
| 041 | _aara | ||
| 082 | _a657 | ||
| 100 |
_aالأخرس، عاطف عبد سليمان _eمؤلف |
||
| 245 | 0 |
_aمبادئ المحاسبة وتطبيقاتها / _c عاطف عبد سليمان الأخرس |
|
| 260 |
_aعمان: _bدار البركة, _c2000 |
||
| 300 |
_a279 صفحة؛ _bإيضاحات ؛ _c24 سم |
||
| 504 | _aالمراجع ص.279 | ||
| 520 | _aالمدخل إلى علم المحاسبة، الفروض والمبادئ المحاسبية، النظام المحاسبي، المفاهيم المحاسبية، نظرية القيد المزدوج، المعالجة المحاسبية للعمليات المالية، المعالجة المحاسبية للبضاعة، المعالجة المحاسبية للأوراق التجارية، ميزان المراجعة والأخطاء المحاسبية، القوائم المالية | ||
| 653 | _aالأوراق المالية | ||
| 653 | _aالمحاسبة | ||
| 700 |
_aالهنيني، إيمان _eمؤلف ثانوي |
||
| 942 | _cكتاب | ||
| 999 |
_c42707 _d42707 |
||